Loading...

Getting started in fund raising

Bibliographic Details
Main Author: Norton, Michael
Other Authors: Culshaw, Murray
Format: Printed Book
Published: New Delhi Sage Publications 2000
Subjects:
LEADER 00461nam a22001337a 4500
082 |a 361.70681  |b NOR.G 
100 |a Norton, Michael 
245 |a Getting started in fund raising  
260 |a New Delhi  |b Sage Publications   |c 2000 
650 |a Social Work - Private action 
700 |a Culshaw, Murray 
942 |c BK 
999 |c 12201  |d 12201 
952 |0 0  |1 0  |4 0  |6 361_706810000000000_NOR_G  |7 0  |9 14344  |a CAMPUS  |b CAMPUS  |d 2017-07-20  |l 0  |o 361.70681 NOR.G  |p 08979  |r 2017-07-20  |w 2017-07-20  |y BK